Responses for show #1363 - Wednesday, July 4, 1990

Contestants

Judith Reusswig, an elementary teacher from Bethesda, Maryland

Rob Manning, a computer systems consultant originally from San Francisco, California

John Patlan, a social worker from Austin, Texas (whose 1-day cash winnings total $11,001)

Jeopardy! Round responses

GEORGIA
SPORTS
INTERNATIONAL CUISINE
NAMES
FASHION HISTORY
APPROXIMATE WEIGHTS & MEASURES
    $100 1
peanuts

Judith
    $100 2
Gordie Howe

Rob
    $100 12
Madrid

John
    $100 3
Geronimo

John
    $100 14
(Rob: What are eggs?)
(John: What are flowers? [*]?)

feathers

JohnRob
    $100 15
stone's throw

Rob
    $200 5
gold rush

John
    $200 21
(Houston) Rockets

John
    $200 13
kosher

Rob
    $200 4
(Rob: What is Joshua?)

Jacob

Rob
Triple Stumper
    $200 18
hat

John
    $200 16
(Judith: What is a deck?)

pack

Judith
Triple Stumper
    $300 6
(1 of) red (or gray)

Rob
    $300 22
Rickey Henderson

Rob
    $300 23
(Judith: What is sushi?)
...
(Alex: We have less than a minute to go.)

sukiyaki

Judith
Triple Stumper
    $300 7
Sally

John
    $300 27
horse

Triple Stumper
    $300 17
heavy

Rob
    $600 8
Spain

John
    $400 28
[End of round signals.]

"Gentleman Jim" Corbett

Judith
    $400 10
[Laughter]

John

John
    $400 26
hourglass

John
    $400 19
(John: What is a hunk of love?)
(Alex: [*].)

Big Hunk

John
    $500 9
Okefenokee

Rob
    $500 24
Jim Ryun

Rob
    $500 11
Bonnie

Rob
    $500 25
(Rob: Who is the Prince of Wales?)
(Alex: Be more specific.)

Edward

Rob
    $500 20
passel

John

Scores at the first commercial break (after clue 14):

John Rob Judith
$1,800 $1,300 $100

Scores at the end of the Jeopardy! Round:

John Rob Judith
$3,500 $3,000 $0

Double Jeopardy! Round responses

AUTHORS
ANCIENT GREECE
THE ANIMAL KINGDOM
MAGAZINES
GEOGRAPHY
FAMOUS SPEECHES
    $200 6
dame

Judith
    $200 8
Zeus

John
    $200 19
tails

Rob
    $200 7
The New Yorker

John
    $200 1
San Salvador

John
    $200 13
Winston Churchill

Judith
    $400 23
John Irving

John
    $400 9
The Iliad and The Odyssey

John
    $400 24
(Alex: That's right and we have a minute to go.)

robin

John
    $400 18
(Judith: What is Der Spiegel?)

Stern

JohnJudith
    $400 2
Bay of Bengal

Rob
    $400 14
(Douglas) MacArthur

John
    $600 28
Jack London

Rob
    $600 10
Diogenes

Rob
    $600 25
rabbits

John
    $1,600 20
(Rob: Uh, Modern Homes?)

Modern Bride or Modern Maturity

Rob
    $600 3
Tibet

Rob
    $600 15
perish from the Earth

John
    $800 29
(Ray) Bradbury

John
    $800 11
Sparta

John
    $800 26
(Rob: What is the puma?)
(John: What is an ocelot?)

jaguar

JohnRob
Triple Stumper
    $800 21
Prevention

Rob
    $800 4
Suriname

Triple Stumper
    $800 16
Ted Kennedy

Rob
    $1000 30
Rita Mae Brown

Rob
    $1000 12
Hellenes

John
    $1000 27
reptiles

Triple Stumper
    $1000 22
Ladies' Home Journal

Rob
    $1,500 5
Rubicon

Rob
    $1000 17
(Rob: Who is Lyndon Johnson?)

Gerald Ford

RobJudith

Scores at the end of the Double Jeopardy! Round:

John Rob Judith
$9,100 $7,100 $1,000

[wagering suggestions for these scores]

Final Jeopardy! Round responses

VICE PRESIDENTS
JudithWhat is Virginia
$1,000
RobWhat is Virginia?
$5,000
JohnWhat is New York?
$5,101
New York

Final scores:

John Rob Judith
$14,201 $2,100 $0
2-day champion: $25,202 2nd place: trip on Malaysia Airline to Kuala Lumpur & stay at Pan Pacific Hotel 3rd place: Panasonic 27" stereo monitor receiver & Nintendo Entertainment System with Family & Junior editions of Jeopardy! + Wheel of Fortune

Game dynamics:

Coryat scores:

John Rob Judith
$8,900 $8,200 $1,000
25 R
(including 1 DD),
1 W
20 R
(including 1 DD),
5 W
(including 1 DD)
5 R,
3 W

Combined Coryat: $18,100

The J! Archive is created by fans, for fans. The Jeopardy! game show and all elements thereof, including but not limited to copyright and trademark thereto, are the property of Jeopardy Productions, Inc. and are protected under law. This website is not affiliated with, sponsored by, or operated by Jeopardy Productions, Inc. Join the discussion at JBoard.tv.